书目信息 |
| 题名: |
爱丽丝镜中世界奇遇记
|
|
| 作者: | 卡罗尔 著 ;巴西特 , 坦尼尔 (Tenniel,John)插图 , 黄建敏 改写 | |
| 分册: | ||
| 出版信息: | 北京 外语教学与研究出版社 2022.08 |
|
| 页数: | 114页 | |
| 开本: | 20cm | |
| 丛书名: | 书虫·牛津英汉双语读物 : 升级版. 三级. 2 | |
| 单 册: | ||
| 中图分类: | H319.4:I | |
| 科图分类: | ||
| 主题词: | 英语 | |
| 电子资源: | ||
| ISBN: | 978-7-5213-3695-5 | |
| 000 | 01309nam0 2200277 450 | |
| 001 | 2332979425 | |
| 005 | 20231214091317.59 | |
| 010 | @a978-7-5213-3695-5@dCNY15.00 | |
| 100 | @a20231214d2022 km y0chiy0120 ea | |
| 101 | 0 | @achi |
| 102 | @aCN@b110000 | |
| 200 | 1 | @a爱丽丝镜中世界奇遇记@AAi Li Si Jing Zhong Shi Jie Qi Yu Ji@f(英)卡罗尔 ( Carroll, Lewis ) 著;巴西特 ( Bassett, Jennifer )改写;坦尼尔 ( Tenniel, John )插图 ; 黄建敏译@F(Ying)Ka Luo Er(Carroll,Lewis)Zhu;Ba Xi Te(Bassett,Jennifer)Gai Xie;Tan Ni Er(Tenniel,John)Cha Tu;Huang Jian Min Yi |
| 210 | @a北京@c外语教学与研究出版社@d2022.08 | |
| 215 | @a114页@d20cm | |
| 225 | 2 | @a书虫·牛津英汉双语读物 : 升级版. 三级. 2 |
| 330 | @a刘易斯·卡罗尔曾是牛津大学的数学教师, 他为现实生活中一个名叫爱丽丝·利德尔的小女孩写了《爱丽丝漫游奇境记》、《爱丽丝镜中世界奇遇记》两本书, 它们是儿童读物中出色的名著。 | |
| 410 | 0 | @12001 @a书虫·牛津英汉双语读物 : 升级版. 三级. 2 |
| 510 | 1 | @a=Through the Looking-Glass |
| 606 | 0 | @a英语 |
| 690 | @aH319.4:I@v4 | |
| 701 | 0 | @a卡罗尔@AKa Luo Er@bCarroll,Lewis@4著 |
| 702 | 0 | @4改写@a巴西特@ABa Xi Te@bBassett,Jennifer |
| 702 | 0 | @a坦尼尔 (Tenniel,John)插图@ATan Ni Er(Tenniel,John)Cha Tu |
| 702 | 0 | @a黄建敏@AHuang Jian Min@4译 |
| 801 | 0 | @aCN@b河南城建学院图书馆@c20231214 |
| 905 | @dH319.4:I@eK0604 | |
| 爱丽丝镜中世界奇遇记/(英)卡罗尔 ( Carroll, Lewis ) 著;巴西特 ( Bassett, Jennifer )改写;坦尼尔 ( Tenniel, John )插图 ; 黄建敏译.-北京:外语教学与研究出版社,2022.08 |
| 114页;20cm.-(书虫·牛津英汉双语读物 : 升级版. 三级. 2) |
| ISBN 978-7-5213-3695-5:CNY15.00 |
| 刘易斯·卡罗尔曾是牛津大学的数学教师, 他为现实生活中一个名叫爱丽丝·利德尔的小女孩写了《爱丽丝漫游奇境记》、《爱丽丝镜中世界奇遇记》两本书, 它们是儿童读物中出色的名著。 |
| ● |
| 相关链接 |
|
|
|
正题名:爱丽丝镜中世界奇遇记
索取号:H319.4:I/K0604
 
预约/预借
| 序号 | 登录号 | 条形码 | 馆藏地/架位号 | 状态 | 备注 |
| 1 | 1548469 | 215484697 | 外国语学院资料室/ [索取号:H319.4:I/K0604] | 在馆 |